Miasta w Polsce na literę R - Statystyki

Ogólne statystyki
  • Ten quiz został rozwiązany 311 razy
    78 od ostatniego zresetowania
  • Średni wynik to 22 z 48
Statystyki odpowiedzi
Liczba mieszkańców Województwo Miasto % Poprawnych
192 838 mazowieckie Radom
97%
198 540 podkarpackie Rzeszów
97%
128 138 śląskie Ruda Śląska
92%
129 307 śląskie Rybnik
90%
53 949 pomorskie Rumia
85%
42 133 łódzkie Radomsko
79%
29 017 pomorskie Reda
79%
48 898 śląskie Racibórz
77%
19 369 wielkopolskie Rawicz
74%
15 646 łódzkie Rawa Mazowiecka
62%
8823 lubelskie Ryki
62%
15 155 kujawsko-pomorskie Rypin
62%
15 605 mazowieckie Radzymin
59%
15 946 śląskie Radzionków
56%
13 949 lubelskie Radzyń Podlaski
56%
12 088 małopolskie Rabka-Zdrój
51%
4954 kujawsko-pomorskie Radziejów
51%
2611 warmińsko-mazurskie Ryn
51%
16 650 śląskie Radlin
49%
15 863 podkarpackie Ropczyce
49%
3984 warmińsko-mazurskie Ruciane-Nida
49%
19 889 śląskie Rydułtowy
49%
3475 podkarpackie Rymanów
46%
3878 mazowieckie Raciąż
44%
3925 warmińsko-mazurskie Reszel
44%
6304 lubuskie Rzepin
41%
4841 podkarpackie Radymno
38%
2042 lubelskie Rejowiec
38%
3935 lubelskie Rejowiec Fabryczny
36%
10 687 wielkopolskie Rogoźno
36%
2188 dolnośląskie Radków
33%
3792 zachodniopomorskie Resko
33%
3447 łódzkie Rzgów
31%
6281 podkarpackie Rudnik nad Sanem
28%
2692 małopolskie Radłów
26%
2736 świętokrzyskie Radoszyce
26%
1741 kujawsko-pomorskie Radzyń Chełmiński
26%
1349 podlaskie Rajgród
26%
3469 podkarpackie Radomyśl Wielki
23%
3632 wielkopolskie Rakoniewice
23%
2604 zachodniopomorskie Recz
23%
2348 wielkopolskie Rychwał
23%
1627 łódzkie Rozprza
21%
2561 mazowieckie Różan
18%
2632 małopolskie Ryglice
18%
2061 wielkopolskie Raszków
13%
1326 wielkopolskie Rychtal
13%
2887 wielkopolskie Rydzyna
13%
Nie znaleziono quizów pasujących do podanych kryteriów
Rozkład punktacji
Procent ludzi z każdym wynikiem
Percentyl według liczby udzielonych odpowiedzi
Twoja historia wyników
Nie rozwiązałeś tego quizu od ostatniego zresetowania